Nghệ thuật lôi cuốn khách hàng trở lại

Nội dung giới thiệu hàng loạt những chiêu thuật xoay quanh vấn đề con người, quyển sách chia sẻ những kinh bí quyết giành thắng lợi trong một sân chơi bình đẳng mang tính toàn cầu: đầu tư vào nguồn nhân lực một cách toàn diện cả về vật...

पूर्ण विवरण

में बचाया:
ग्रंथसूची विवरण
मुख्य लेखक: Rosenbluth, Hal F.
स्वरूप: पुस्तक
भाषा:Undetermined
प्रकाशित: Hà Nội Thống kê 2007
विषय:
टैग : टैग जोड़ें
कोई टैग नहीं, इस रिकॉर्ड को टैग करने वाले पहले व्यक्ति बनें!
Thư viện lưu trữ: Trung tâm Học liệu Trường Đại học Cần Thơ
LEADER 01005nam a2200205Ia 4500
001 CTU_152234
008 210402s9999 xx 000 0 und d
020 |c 29000 
082 |a 658.8 
082 |b R813 
100 |a Rosenbluth, Hal F. 
245 0 |a Nghệ thuật lôi cuốn khách hàng trở lại 
245 0 |c Hal F. Rosenbluth, Diane Mcffrrin Peters ; Người dịch: Tuyết Minh 
260 |a Hà Nội 
260 |b Thống kê 
260 |c 2007 
520 |a Nội dung giới thiệu hàng loạt những chiêu thuật xoay quanh vấn đề con người, quyển sách chia sẻ những kinh bí quyết giành thắng lợi trong một sân chơi bình đẳng mang tính toàn cầu: đầu tư vào nguồn nhân lực một cách toàn diện cả về vật chất lẩn tinh thần ... 
650 |a Marketing 
904 |i pha 
980 |a Trung tâm Học liệu Trường Đại học Cần Thơ